MDQL
is popping MORE tags! Check the
thread
!
Quizzes
Events
Quiz Creation
Community
Videos
Private Events
Remove Ads
Sign In
Join for FREE
Feedback
Dark Mode
Quiz Categories
Sports
Geography
Music
Movies
Television
Just For Fun
Miscellaneous
History
Literature
Language
Science
Gaming
Entertainment
Religion
Holiday
For Kids
Quiz Lab
Recent
Popular Today
Quiz Kudos Today
Editor Picks
Curator Picks
Quizzes by...
Day
Popularity
Type
Ratings
Length
Year
Community
Subscriptions
Recent Discussions
Orange Saloon
Badges
Playlists
Quests
Create
Leaderboards
Showdown
Live 5
Trivia Bingo
Activity
Puzzle Library
Sporcle Events
Private Events
Virtual Trivia
Globe League
Become a Host
Pub Owners
SporcleCon
Opinionation
Our Games
Videos
Blog
Mobile Apps
Partnerships
Remove Ads and Go Orange
Feedback
History
US Presidents
World Leaders
Politics
Nation
Discovery
War
Decade
Year
Century
Biography
Art
History
US Presidents
World Leaders
Politics
Nation
Discovery
War
Decade
Year
Century
Biography
Art
Random Quiz
Search Sporcle
×
Quiz Lab
Quiz Lab
History
important
Type in answers that appear in a list
Type in answers that appear in a list
Classic
Best Score? Go Orange.
Religious Development 1619-1740 Stats
Can you name the Threads - Religious Development 1619-1740?
By
kiki97
20m
55 Questions
19 Plays
19 Plays
19 Plays
Comments
Comments
Give Quiz Kudos
Give Quiz Kudos
-
- Ratings
hide this ad
More Info
Forced Order
Answers have to be entered in order
Answers have to be entered in order
Replay
Link that replays current quiz
Next Quiz
Link to next quiz in quiz playlist
You Got
0%
They Got
Avg Score
30%
Avg Friend Score
Upgrade to see
Score Distribution
Jump to the score distribution portion of the page
Score
0/55
Timer
20:00
0
Plays Today
Hint
Answer
% Correct
***Congregational Church-
Puritans***
go
100%
***Society of Friends-
Quakers***
go
63.2%
***Catholic Church***
go
63.2%
***Anglican Church***
go
63.2%
***Presbyterian Church***
go
63.2%
Beliefs: King's power came from...
God
31.6%
Beliefs: Strict hierarchy, with...at head
Pope
31.6%
Leaders
Cotton, Mather, Winthrop
26.3%
Areas of Influence
New England
26.3%
Beliefs: Man is...
depraved
26.3%
Beliefs: One is...or damned at birth
saved
26.3%
Beliefs: ...life was a sign of damnation
Wicked
26.3%
Beliefs: Only...were saved
visible saints
26.3%
Beliefs: ...of all other religions
intolerant
26.3%
Beliefs: Coerced nonbelievers with...
force
26.3%
Comments: By...church represented largest denomination in colonies
1740
26.3%
Comments: Lost much of their...in New England after 1700
political influence
26.3%
Comments: ...cost its support
intolerance
26.3%
Comments: Hoped to create a religious...
City Upon a Hill
26.3%
Areas of Influence
Maryland, Virginia
26.3%
Beliefs: ...headed church
King
26.3%
Beliefs: Used...Prayer
Book of Common
26.3%
Beliefs: Some...liturgy and doctrine maintained
Catholic
26.3%
Comment: By 1740 had the...largest membership in colonies
second
26.3%
Comment: Much...influence in colonies than in England
less
26.3%
Comment: Being a member carried...in colonies
great status
26.3%
Leaders
Fox, Penn
26.3%
Beliefs: ...a guide to salvation
inner light
26.3%
Hint
Answer
% Correct
Beliefs: ...church structure
minimal
26.3%
Beliefs: All people...in God's eyes
equal
26.3%
Beliefs: P...
Pacifism
26.3%
Beliefs: Refused to take...
oaths
26.3%
Beliefs: ...of other religions
tolerant
26.3%
Comment: Grew from...
Puritanism
26.3%
Comment: Clashed with...
Puritans
26.3%
Comment: ...in Pennsylvania
Holy Experiment
26.3%
Areas of Influence
Maryland, Pennsylvania
26.3%
Beliefs: ...earned by good works, faith, and loyalty to church
Salvation
26.3%
Beliefs: ...were the path to God
priests
26.3%
Beliefs: No...allowed
divorce
26.3%
Comment: ...originally a Catholic haven
Maryland
26.3%
Comment: Catholics were unpopular in other colonies where they could not...or hold office
vote
26.3%
Leaders
Makemie, Tennent
26.3%
Areas of Influence: frontier and backcountry of...
New Jersey, Pennsylvania
26.3%
Beliefs: C...
Calvinism
26.3%
Beliefs: Split from Puritans over...
church governance
26.3%
Beliefs: Power lay with...
church elders
26.3%
Beliefs: Like other..., accepted Jesus as savior
Protestants
26.3%
Beliefs: ...of other religions
Tolerant
26.3%
Comment: By 1740, had ...largest membership in colonies
third
26.3%
Comment: ... immigrants changed church in early 1700s
Scotch/Irish
26.3%
Comment: Split between old/
...
new lights
26.3%
Leaders
Bishop of London, King or queen of England
21.1%
Areas of Influence
Pennsylvania, New England, New Jersey
21.1%
Leaders
Bishops, Pope in Rome, Priests
21.1%
Quiz Playlist
Details
Report
Send in Message
Add To Playlist
More Info:
This test will only make sense to someone utilizing the Threads textbook for their History class. It corresponds with page 7.
Classic:
Type in answers that appear in a list
Forced Order:
Answers have to be entered in order
Last Updated: Feb 16, 2017
Quiz Scoreboard
CHALLENGE
Sign Up to Join the Scoreboard
Show All
Scores
Hide
Comments
May contain spoilers
Recently Published
Two Season TV Shows II
by 123Four
Television
10m
Image Sorting: Flags VI
by Barbecue
Geography
2m
Find the 'City' Movie
by crazypaving
Movies
60s
More to Explore
Quiz From the Vault
Featured Blog Post
14 Easter Pick-up Lines to Find Eggs With
hide this ad
You Might Also Like...
Tags
Development
important
thread
Today's Top Quizzes in History
Browse History
hide this ad
Today's Top Quizzes in important
Browse important
Top Contributed Quizzes in History
1
I Am Born On March 29th
2
Order Up: 1000 Years of World Events I
3
US National Parks Named After People
4
Popular People in 1991
5
Popular People in 1951
6
Popular People in 1941
7
Popular People in 1981
8
Popular People in 1986
9
Popular People in 1921
10
Popular People in 1976
Explore More
Trending Topics
Anime
Harry Potter
Kpop
Disney
Marvel
NBA
Crossword
Country
WWE
The Office
Song
Pokémon
Puzzle
Soccer
NFL
hide this ad
More By:
kiki97
Quiz
Plays
Rating
Category
Featured
Created
Historical Periods
20
1.00
History
Apr 26, 2012
Religious Development 1619-1740
19
4.00
History
Apr 28, 2012
Princeton Chapter 13 Review
11
History
Apr 17, 2012
Go to Creator's Profile
Score Distribution
Quiz Creator Spotlight
kiki97
Follow
Send a Message
Quizzes Created
-
Created Quiz Play Count
-
More By This Creator
Popular Quizzes Today
1
Find the US States - No Outlines Minefield
2
Colored Red Africa Blitz
3
Find the 'City' Movie
4
5x2 Blitz: Bands
5
The Countries of the World
6
Find the Countries of Europe - No Outlines Minefield
7
Find the US States
8
US States
More History Quizzes
1-in-4 Shot: 1973 Events
Published
Trending Quizzes
Colored Red Europe Blitz I
Colored Red Africa Blitz II
Colored Red Europe Blitz II
Colored Red Africa Blitz III
Even More Two Season TV Shows
Recently Updated
March Madness Men's Triple Doubles
pecheneg
How Do You Spell That?
pecheneg
Godzilla Movies
pecheneg
Grab Bag: 4-10 Letters
pecheneg
2024 March Madness Bracket
pecheneg
Famous TV Couples
Peacemaker
Champions League XIs: Real Madrid
pecheneg
Largest US Cities 1790-2010
pecheneg
Rides in Walt Disney World
pecheneg
Most Oscar Losses (Acting)
pecheneg
Trending Topics
Kpop
Marvel
Anime
NBA
Disney
Crossword
Harry Potter
Country
Pokémon
NFL
Soccer
WWE
The Office
Puzzle
Song
Your Account Isn't Verified!
In order to create a playlist on Sporcle, you need to verify the email address you used during registration. Go to your
Sporcle Settings
to finish the process.
Report this User
Report this user for behavior that violates our
Community Guidelines
.
Details:
Send Report
Go to the Sporcle.com Mobile Site →
Comments